000
00336nam a2200145Ia 4500
005
20251222154408.0
008
251222s9999||||xx |||||||||||||| ||spa||
020
_a
8408042157
082
_a
863.64/S42
100
_a
Serrano, Marcela
245
0
_a
Lo que está en mi Corazón
250
_a
4ta.ed.
264
_b
Planeta
942
_c
LIB
999
_c
35545
_d
35545